TEXT BOOK OF GYNACOLOGY (Record no. 3906)

MARC details
000 -LEADER
fixed length control field 00338nam a2200145Ia 4500
008 - FIXED-LENGTH DATA ELEMENTS--GENERAL INFORMATION
fixed length control field 150201s2005 xx 000 0 und d
082 ## - DEWEY DECIMAL CLASSIFICATION NUMBER
Classification number 618
Item number G2005P
100 ## - MAIN ENTRY--PERSONAL NAME
Personal name PADUBIDRI V.G.
245 ## - TITLE STATEMENT
Title TEXT BOOK OF GYNACOLOGY
250 ## - EDITION STATEMENT
Edition statement 13TH
260 ## - PUBLICATION, DISTRIBUTION, ETC. (IMPRINT)
Name of publisher, distributor, etc. ELSEVIER
Place of publication, distribution, etc. DELHI
Date of publication, distribution, etc. 2005
300 ## - PHYSICAL DESCRIPTION
Extent 1-480
650 ## - SUBJECT ADDED ENTRY--TOPICAL TERM
Topical term or geographic name as entry element GYNAECOLOGY
942 ## - ADDED ENTRY ELEMENTS (KOHA)
Source of classification or shelving scheme Dewey Decimal Classification
Koha item type Books
Holdings
Withdrawn status Lost status Source of classification or shelving scheme Damaged status Not for loan Home library Current library Date acquired Source of acquisition Cost, normal purchase price Serial Enumeration / chronology SGTU Bill Number Total Checkouts Full call number Barcode Date last seen Bill Date Koha item type
    Dewey Decimal Classification     SGT Dental Library SGT Dental Library 01/02/2008 U.B.S.DELHI 507.00 1 SGTU 1378   618 G2005P FD4875 09/02/2015 29/12/2012 Books
    Dewey Decimal Classification     SGT Dental Library SGT Dental Library 01/02/2008 U.B.S.DELHI 507.00 1 SGTU 1378   618 G2005P FD4876 09/02/2015 29/12/2012 Books
    Dewey Decimal Classification     SGT Dental Library SGT Dental Library 01/02/2008 U.B.S.DELHI 507.00 1 SGTU 1378   618 G2005P FD4877 09/02/2015 29/12/2012 Books
    Dewey Decimal Classification     SGT Dental Library SGT Dental Library 01/02/2008 U.B.S.DELHI 507.00 1 SGTU 1378   618 G2005P FD4878 09/02/2015 29/12/2012 Books
    Dewey Decimal Classification     SGT Dental Library SGT Dental Library 10/06/2008 U.B.S.DELHI 550.00 1 SGTU 1023   618 S2004P FD5154 09/02/2015 17/01/2013 Books
    Dewey Decimal Classification     SGT Dental Library SGT Dental Library 10/06/2008 U.B.S.DELHI 550.00 1 SGTU 1023   618 S2004P FD5155 09/02/2015 17/01/2013 Books